Countries with the most Tuberculosis - Statistics

General Stats
  • This quiz has been taken 43 times
  • The average score is 11 of 25
Answer Stats
TB per 100 000 People Country % Correct
532 Democratic Republic of the Congo
73%
461 Republic of the Congo
70%
696 South Africa
68%
436 Zambia
62%
554 Mozambique
59%
647 Indonesia
57%
671 Lesotho
57%
627 Namibia
57%
490 Angola
54%
491 Somalia
54%
464 Laos
51%
528 Tanzania
51%
605 Swaziland
49%
463 Guinea Bissau
46%
510 Liberia
43%
668 Cambodia
41%
457 Myanmar
41%
615 Gabon
38%
529 Papua New Guinea
35%
552 North Korea
32%
441 Sierra Leone
32%
996 Djibouti
27%
820 East Timor
24%
749 Kiribati
8%
466 Marshall Islands
8%
No matching quizzes found
Score Distribution
Percent of People with Each Score
Percentile by Number Answered
Your Score History
You have not taken this quiz